judicial

Prescripcion adquisitiva: (Registro nro. 6547)

Detalles MARC
000 -LEADER
fixed length control field 01111nam a22003617a 4500
003 - CONTROL NUMBER IDENTIFIER
control field OSt
005 - DATE AND TIME OF LATEST TRANSACTION
control field 20260522083726.0
007 - PHYSICAL DESCRIPTION FIXED FIELD--GENERAL INFORMATION
fixed length control field ta
008 - FIXED-LENGTH DATA ELEMENTS--GENERAL INFORMATION
fixed length control field 260522s2025 ag ||||| |||| 00| 0 spa d
020 ## - INTERNATIONAL STANDARD BOOK NUMBER
International Standard Book Number 9786316622358
040 ## - CATALOGING SOURCE
Transcribing agency cj catamarca
082 ## - DEWEY DECIMAL CLASSIFICATION NUMBER
Classification number 347.232.4 P348 I 2025
100 10 - MAIN ENTRY--PERSONAL NAME
9 (RLIN) 333
Personal name Paz, Roberto
245 10 - TITLE STATEMENT
Title Prescripcion adquisitiva:
Remainder of title de la realidad de Velez Sarsfield a la actualidad del Codigo Civil y Comercial de la Nacion I
250 ## - EDITION STATEMENT
Edition statement 3º ed.
260 ## - PUBLICATION, DISTRIBUTION, ETC.
Place of publication, distribution, etc. Tucuman:
Name of publisher, distributor, etc. Bibliotex,
Date of publication, distribution, etc. 2025
300 ## - PHYSICAL DESCRIPTION
Extent V.1, 760 p.
Dimensions 24 cm
500 ## - GENERAL NOTE
General note INVENTARIO Nº 8178
650 #7 - SUBJECT ADDED ENTRY--TOPICAL TERM
Source of heading or term SAIJ
653 ## - INDEX TERM--UNCONTROLLED
Uncontrolled term DERECHO CIVIL
653 ## - INDEX TERM--UNCONTROLLED
Uncontrolled term CCyC
653 ## - INDEX TERM--UNCONTROLLED
Uncontrolled term PRESCRIPCION ADQUISITIVA
653 ## - INDEX TERM--UNCONTROLLED
Uncontrolled term USUCAPION
653 ## - INDEX TERM--UNCONTROLLED
Uncontrolled term POSESION
653 ## - INDEX TERM--UNCONTROLLED
Uncontrolled term USUCAPION BREVE
653 ## - INDEX TERM--UNCONTROLLED
Uncontrolled term art. 1051 CC-arts. 392 y 2260 CCyC
653 ## - INDEX TERM--UNCONTROLLED
Uncontrolled term LEY 24.374-REGULARIZACION DOMINIAL
653 ## - INDEX TERM--UNCONTROLLED
Uncontrolled term MUEBLES REGISTRABLES-NO REGISTRABLES
653 ## - INDEX TERM--UNCONTROLLED
Uncontrolled term MODELO DEMANDA
653 ## - INDEX TERM--UNCONTROLLED
Uncontrolled term JURISPRUDENCIA
856 ## - ELECTRONIC LOCATION AND ACCESS
Uniform Resource Identifier <a href="https://drive.google.com/file/d/1HLlW8Weuj6a0ztTQfIp8-O2fRdiQ2eMp/view?usp=sharing">https://drive.google.com/file/d/1HLlW8Weuj6a0ztTQfIp8-O2fRdiQ2eMp/view?usp=sharing</a>
942 ## - ADDED ENTRY ELEMENTS (KOHA)
Source of classification or shelving scheme Dewey Decimal Classification
Koha item type Book
Suppress in OPAC No
Existencias
Withdrawn status Lost status Source of classification or shelving scheme Damaged status Not for loan Home library Current library Date acquired Source of acquisition Total Checkouts Full call number Barcode Date last seen Price effective from Koha item type
    Dewey Decimal Classification     PJCB PJCB 05/22/2026 Compra   347.232.4 P348 I 2025 8178 05/22/2026 05/22/2026 Book
-->
  •  poder judicial

    Con tecnología Koha